| Tag |
First Indicator |
Second Indicator |
Subfields |
| LEADER |
00000cam a2200000 4500 |
| 001 |
in00000194021 |
| 005 |
20151009053124.0 |
| 008 |
740607s1928 nyu 00010 eng |
| 010 |
|
|
|a 29006764
|
| 035 |
|
|
|a (OCoLC)00911463
|
| 035 |
|
|
|9 AAW3415AM
|
| 040 |
|
|
|c MIA
|d TXA
|d UtOrBLW
|
| 041 |
1 |
|
|a eng
|a und
|
| 049 |
|
|
|a TXAM
|c 1 [43162]
|c 2 [46984]
|
| 090 |
|
|
|a NK1037
|b .K6
|
| 100 |
1 |
|
|a Koechlin, Raymond,
|d 1860-1931.
|
| 245 |
1 |
0 |
|a Oriental art; ceramics, fabrics, carpets ;
|b one hundred plates in colour, with introduction and descriptions /
|c by R. Koechlin, and G. Migeon, translated by Florence Heywood.
|
| 264 |
|
1 |
|a New York :
|b The Macmillan company,
|c [1928]
|
| 300 |
|
|
|a 2 pages ., 7-20 pages :
|b C color plate ;
|c 30 cm.
|
| 336 |
|
|
|a text
|b txt
|2 rdacontent
|
| 337 |
|
|
|a unmediated
|b n
|2 rdamedia
|
| 338 |
|
|
|a volume
|b nc
|2 rdacarrier
|
| 500 |
|
|
|a Plates accompanied by guard sheets with descriptive letterpress in French, English and German.
|
| 650 |
|
0 |
|a Art, Asian.
|
| 650 |
|
0 |
|a Pottery, Asian.
|
| 650 |
|
0 |
|a Textile industry, Oriental.
|
| 650 |
|
0 |
|a Rugs, Oriental.
|
| 650 |
|
0 |
|a Carpets.
|
| 700 |
1 |
|
|a Migeon, Gaston,
|d 1861-1930.
|
| 999 |
|
|
|a MARS
|
| 999 |
f |
f |
|s 55afc277-a697-37df-8fc8-3a3914c1e2f2
|i c74180a5-1ad9-3ebf-8162-ed7b30aeb4c7
|t 0
|
| 952 |
f |
f |
|p storage
|a Texas A&M University
|b J.J. Pickle Campus
|c High Density Repository
|d Remote Storage
|t 0
|e NK1037 .K6
|h Library of Congress classification
|i unmediated -- volume
|m A14841944656
|
| 952 |
f |
f |
|p normal
|a Texas A&M University
|b College Station
|c Sterling C. Evans Library
|d Evans: Library Stacks
|t 0
|e NK1037 .K6
|h Library of Congress classification
|i unmediated -- volume
|m A14803498039
|
| 998 |
f |
f |
|a NK1037 .K6
|t 0
|l Evans: Library Stacks
|
| 998 |
f |
f |
|a NK1037 .K6
|t 0
|l Remote Storage
|